| 000 | 02456nam0a2200349 4500 | ||
|---|---|---|---|
| 001 | RU\NLR\BIBL_A\022467404 | ||
| 005 | 20250530124148.0 | ||
| 010 |
_a978-5-502-01793-0 _950 |
||
| 021 |
_aRU _bКН-П-24-085389 _9КН-П-24-8482 |
||
| 035 | _a(NLR Aleph) 022467404 | ||
| 090 |
_a13426112 _c13426112 |
||
| 100 | _a20250224d2024 u y0rusy50 ca | ||
| 101 | 0 | _arus | |
| 102 | _aRU | ||
| 105 | _aa j 000yy | ||
| 181 | 0 |
_ai3 _baxxe |
|
| 182 | 0 | _an | |
| 200 | 1 |
_aМетоды исследования материалов электронной техники _eучебное пособие для студентов направлений подготовки 11.04.04 "Электроника и наноэлектроника" всех форм обучения _fТ. Н. Смыслова, Л. К. Орлов, Е. В. Толстов _gМинистерство науки и высшего образования Российской Федерации, Федеральное государственное бюджетное образовательное учреждение высшего образования "Нижегородский государственный технический университет им. Р. Е. Алексеева" |
|
| 203 |
_aТекст _bвизуальный _cнепосредственный |
||
| 210 |
_aНижний Новгород _cНижегородский государственный технический университет им. Р. Е. Алексеева _d2024 |
||
| 215 |
_a115 с. _cил. _d20 |
||
| 320 | _aБиблиогр. в конце кн. (9 назв.) | ||
| 606 | 1 |
_aЭлектронные приборы _xМатериалы _xИсследование _jУчебные издания для высших учебных заведений _2nlr_sh1 _2nlr_sh2 _3RU\NLR\AUTH\661526439 |
|
| 606 | 1 |
_aЭлектронные приборы _xМатериалы _xСтруктура _jУчебные издания для высших учебных заведений _2nlr_sh1 _2nlr_sh2 _3RU\NLR\AUTH\661261128 |
|
| 686 | 1 | _aЗ85-03-1я73-1 | |
| 700 | 1 |
_aСмыслова _bТ. Н. _gТатьяна Николаевна |
|
| 701 | 1 |
_aОрлов _bЛ. К. _gЛев Константинович |
|
| 701 | 1 |
_aТолстов _bЕ. В. _gЕвгений Викторович |
|
| 942 | _cBOOK | ||
| 980 | _aNB | ||